000 01386nam a2200325 a 4500
003 CO-PeBPR
005 20260504111833.0
008 260415e2024 ck a|||| n||| 00| 0 spa c
020 _a9786287672345
040 0 _aCO-PeBPR
_bspa
_cCO-PeBPR
_erda
041 0 _hspa
082 0 4 _a(i) Co863 E74j
100 1 _aEscobar Borrero, Fernando
_d1967
_eautor
245 1 0 _aJacobo y el día del gran juego
_c/ Fernando Escobar Borrero ; ilustraciones de Gerald Espinoza
250 _aEdición especial
264 1 _aBogotá, Colombia
_b: Richmond
_c, 2024
300 _a[24] páginas sin enumerar
_b: ilustraciones a color
_c; 20 centímetros
336 _atexto
_btxt
_crdacontenido
337 _asin mediación
_bn
_2rdamedio
338 _avolumen
_bnc
_2rdasoporte
490 _aPlan Nacional de Lectura, Escritura y Oralidad / Ministerio de Cultura, las Artes y los saberes.
520 _aEs el día del gran juego y papá ha preparado todo para pasar la tarde sentado frente al televisor viendo fútbol. Jacobo, sin embargo tiene otros planes.
521 _aRecomendado para 0 a 7 años.
650 1 4 _2LEMB
_aÁlbumes infantiles colombianos
650 1 4 _2LEMB
_aLiteratura infantil colombiana
_ySiglo XX
650 1 4 _2LEMB
_aJuegos infantiles en la literatura
650 1 4 _2LEMB
_aRelación padre e hijo en la literatura
700 1 _aEspinoza, Gerald
_eilustrador
942 _2ddc
_cBKINF
999 _c17855
_d17855